[Event "ESP-chT 2nd Division 2019"]
[Site "Linares"]
[Date "2019.08.21"]
[Round "4.39"]
[White "Escudero Manzano, Sergio"]
[Black "Aledo Yanguas, Javier"]
[Result "1/2-1/2"]
[WhiteElo "2190"]
[BlackElo "2023"]
[Annotator "NA"]
[PlyCount "101"]
[EventDate "2019.08.19"]
[EventType "team-tourn"]
[EventCountry "ESP"]
[SourceTitle "playchess.com"]
[Source "ChessBase"]
[SourceQuality "1"]
[TimeControl "5400+30"]

1. e4 {[%emt 0:00:00]} c6 {[%emt 0:00:00]} 2. d4 {[%emt 0:00:21]} d5 {[%emt 0:00:00]} 3. Nc3 {[%emt 0:00:19]} dxe4 {[%emt 0:00:00]} 4. Nxe4 {[%emt 0:00:07]} Nd7 {[%emt 0:00:03]} 5. Ng5 {[%emt 0:01:04]} Ngf6 {[%emt 0:00:53]} 6. Bd3 {[%emt 0:00:29]} e6 {[%emt 0:02:51]} 7. N1f3 {[%emt 0:00:39]} h6 {[%emt 0:07:43]} 8. Ne4 {[%emt 0:05:55]} Nxe4 {[%emt 0:01:19]} 9. Bxe4 {[%emt 0:00:12]} Nf6 {[%emt 0:01:44]} 10. Bd3 {[%emt 0:00:46]} Qc7 {[%emt 0:02:09]} 11. Qe2 {[%emt 0:00:46]} b6 {[%emt 0:02:41]} 12. Bd2 {[%emt 0:01:08]} Bb7 {[%emt 0:02:34]} 13. O-O-O {[%emt 0:02:01]} O-O-O {[%emt 0:01:59]} 14. Kb1 {[%emt 0:17:07]} Kb8 {[%emt 0:05:14]} 15. Rhe1 {[%emt 0:04:08]} Nd5 {[%emt 0:08:54]} 16. g3 {[%emt 0:07:34]} c5 {[%emt 0:05:01]} 17. c4 {[%emt 0:05:00]} Nf6 {[%emt 0:02:01]} 18. dxc5 {[%emt 0:10:40]} Bxc5 {[%emt 0:03:46]} 19. Bc3 {[%emt 0:00:45]} Rhe8 {[%emt 0:05:35]} 20. Ne5 {[%emt 0:09:05]} Bd4 {[%emt 0:08:01]} 21. Qc2 {[%emt 0:08:47]} Bxc3 {[%emt 0:07:02]} 22. Qxc3 {[%emt 0:00:09]} Re7 {[%emt 0:01:33]} 23. f4 {[%emt 0:01:56]} Nd7 {[%emt 0:03:17]} 24. Be4 {[%emt 0:03:23]} Bxe4+ {[%emt 0:04:39]} 25. Rxe4 {[%emt 0:00:51]} Nxe5 {[%emt 0:02:43]} 26. Rxd8+ {[%emt 0:00:43]} Qxd8 {[%emt 0:00:07]} 27. Qxe5+ {[%emt 0:00:30]} Kb7 28. Kc2 Rd7 {[%emt 0:03:16]} 29. Re2 {[%emt 0:04:42]} g6 30. Qc3 {[%emt 0:01:33]} Rd4 {[%emt 0:05:39]} 31. Re5 {[%emt 0:01:33]} Qd7 {[%emt 0:01:48]} 32. b3 Kb8 {[%emt 0:02:23]} 33. c5 {[%emt 0:06:33]} Kb7 34. a4 {[%emt 0:04:18]} Rd5 {[%emt 0:04:35]} 35. cxb6 {[%emt 0:01:27]} axb6 36. Re4 {[%emt 0:01:38]} Rc5 {[%emt 0:02:58]} 37. Rc4 {[%emt 0:00:09]} Rxc4 {[%emt 0:00:23]} 38. Qxc4 Qe7 {[%emt 0:02:09]} 39. Qe4+ {[%emt 0:00:41]} Ka7 {[%emt 0:00:28]} 40. Qd4 {[%emt 0:00:45]} Qc7+ {[%emt 0:01:15]} 41. Kd2 {[%emt 0:00:00]} Kb7 42. h3 {[%emt 0:01:34]} Qc6 {[%emt 0:01:48]} 43. Kd3 {[%emt 0:00:47]} Qf3+ {[%emt 0:00:44]} 44. Kc4 {[%emt 0:00:40]} Kc6 {[%emt 0:01:26]} 45. Qd3 {[%emt 0:00:43]} Qf2 {[%emt 0:00:49]} 46. Qe4+ {[%emt 0:00:17]} Kc7 {[%emt 0:00:30]} 47. Qe5+ {[%emt 0:00:37]} Kc6 {[%emt 0:00:33]} 48. Qb5+ {[%emt 0:00:13]} Kc7 {[%emt 0:00:25]} 49. Qe5+ {[%emt 0:00:52]} Kc6 {[%emt 0:00:06]} 50. Qe4+ {[%emt 0:00:40]} Kc7 {[%emt 0:00:15]} 51. Qe5+ {[%emt 0:00:47]} 1/2-1/2

[Event "ESP-chT 2nd Division 2019"]
[Site "Linares"]
[Date "2019.08.21"]
[Round "4.40"]
[White "Sanchez Dengra, Barbara"]
[Black "Gil Quilez, Sonia"]
[Result "1/2-1/2"]
[WhiteElo "1983"]
[BlackElo "2102"]
[Annotator "NA"]
[PlyCount "132"]
[EventDate "2019.08.19"]
[EventType "team-tourn"]
[EventCountry "ESP"]
[SourceTitle "playchess.com"]
[Source "ChessBase"]
[SourceQuality "1"]
[TimeControl "5400+30"]

1. e4 {[%emt 0:00:00]} c5 {[%emt 0:00:00]} 2. Nf3 {[%emt 0:00:10]} Nc6 {[%emt 0:00:13]} 3. d4 {[%emt 0:01:45]} cxd4 {[%emt 0:00:11]} 4. Nxd4 {[%emt 0:00:42]} e5 {[%emt 0:00:28]} 5. Nb5 {[%emt 0:01:07]} a6 {[%emt 0:00:32]} 6. Nd6+ {[%emt 0:01:51]} Bxd6 {[%emt 0:00:34]} 7. Qxd6 {[%emt 0:00:13]} Qe7 {[%emt 0:00:22]} 8. Qxe7+ {[%emt 0:08:33]} Ngxe7 {[%emt 0:00:08]} 9. Nc3 {[%emt 0:01:11]} d5 {[%emt 0:01:18]} 10. exd5 {[%emt 0:14:24]} Nb4 {[%emt 0:00:10]} 11. Bd3 {[%emt 0:03:27]} Nxd3+ {[%emt 0:01:11]} 12. cxd3 {[%emt 0:00:10]} Bf5 {[%emt 0:01:01]} 13. O-O {[%emt 0:08:41]} O-O {[%emt 0:19:39]} 14. Re1 {[%emt 0:09:07]} Ng6 {[%emt 0:01:02]} 15. Be3 {[%emt 0:01:57]} Rfd8 {[%emt 0:05:31]} 16. Bb6 {[%emt 0:03:49]} Rd7 {[%emt 0:00:06]} 17. d4 {[%emt 0:02:35]} f6 {[%emt 0:04:16]} 18. dxe5 {[%emt 0:01:44]} Nxe5 {[%emt 0:00:14]} 19. d6 {[%emt 0:12:45]} Nd3 {[%emt 0:23:46]} 20. Re7 {[%emt 0:06:25]} Rxd6 {[%emt 0:02:18]} 21. Rxb7 {[%emt 0:01:06]} Bc8 {[%emt 0:00:29]} 22. Ra7 {[%emt 0:00:25]} Rxa7 {[%emt 0:01:05]} 23. Bxa7 {[%emt 0:00:01]} Nxb2 {[%emt 0:01:43]} 24. Re1 {[%emt 0:01:20]} Kf7 {[%emt 0:03:14]} 25. h4 {[%emt 0:00:46]} Bf5 {[%emt 0:10:35]} 26. Ne4 {[%emt 0:07:01]} Rd7 {[%emt 0:04:39]} 27. Bb8 {[%emt 0:01:40]} Nd3 {[%emt 0:00:33]} 28. Re3 {[%emt 0:02:48]} Bxe4 {[%emt 0:01:51]} 29. Rxe4 {[%emt 0:00:08]} Rb7 {[%emt 0:00:03]} 30. Bd6 {[%emt 0:01:10]} Rb1+ {[%emt 0:03:14]} 31. Kh2 {[%emt 0:01:10]} Nxf2 {[%emt 0:03:38]} 32. Re7+ {[%emt 0:00:40]} Kg6 {[%emt 0:00:03]} 33. Kg3 {[%emt 0:00:53]} Nd3 {[%emt 0:03:41]} 34. Ra7 {[%emt 0:01:17]} Rb6 {[%emt 0:03:19]} 35. Bf8 {[%emt 0:00:41]} h5 {[%emt 0:00:29]} 36. Rxg7+ {[%emt 0:00:52]} Kf5 {[%emt 0:00:05]} 37. Rd7 {[%emt 0:01:51]} Nf4 {[%emt 0:01:57]} 38. Bh6 {[%emt 0:01:10]} Ng6 {[%emt 0:00:06]} 39. Rd5+ {[%emt 0:01:14]} Ne5 {[%emt 0:00:13]} 40. Bf4 {[%emt 0:00:50]} Rc6 {[%emt 0:00:57]} 41. Bxe5 {[%emt 0:01:28]} fxe5 {[%emt 0:00:04]} 42. Ra5 {[%emt 0:00:15]} Ke4 {[%emt 0:00:34]} 43. Ra4+ {[%emt 0:00:49]} Ke3 44. Ra5 Rg6+ {[%emt 0:00:53]} 45. Kh3 {[%emt 0:01:21]} Kf4 {[%emt 0:02:00]} 46. Kh2 {[%emt 0:00:46]} e4 {[%emt 0:00:37]} 47. Rxh5 {[%emt 0:00:12]} e3 {[%emt 0:00:02]} 48. Kg1 {[%emt 0:00:24]} Rc6 {[%emt 0:02:03]} 49. Kf1 {[%emt 0:00:37]} Rc1+ {[%emt 0:00:36]} 50. Ke2 {[%emt 0:00:06]} Rc2+ {[%emt 0:00:02]} 51. Ke1 {[%emt 0:00:05]} Rxa2 {[%emt 0:00:19]} 52. Rh8 {[%emt 0:00:25]} Rxg2 {[%emt 0:01:42]} 53. Rf8+ {[%emt 0:00:11]} Ke4 {[%emt 0:00:15]} 54. Re8+ {[%emt 0:00:13]} Kd4 {[%emt 0:01:21]} 55. Rd8+ {[%emt 0:00:30]} Kc3 {[%emt 0:00:30]} 56. Rc8+ {[%emt 0:00:00]} Kb4 {[%emt 0:00:24]} 57. Re8 {[%emt 0:00:45]} Rh2 {[%emt 0:00:54]} 58. Re4+ {[%emt 0:00:41]} Kc5 {[%emt 0:00:23]} 59. Kd1 {[%emt 0:01:17]} a5 {[%emt 0:00:40]} 60. Rxe3 {[%emt 0:00:13]} Rxh4 {[%emt 0:00:36]} 61. Kc1 {[%emt 0:00:09]} Kc4 {[%emt 0:00:53]} 62. Kb1 {[%emt 0:00:14]} a4 {[%emt 0:00:21]} 63. Rg3 {[%emt 0:00:11]} Rd4 {[%emt 0:00:33]} 64. Ka2 {[%emt 0:00:37]} Kb4 {[%emt 0:00:11]} 65. Rh3 {[%emt 0:00:23]} a3 {[%emt 0:00:23]} 66. Rg3 {[%emt 0:00:23]} Rd2+ {[%emt 0:00:57]} 1/2-1/2

[Event "ESP-chT 2nd Division 2019"]
[Site "Linares"]
[Date "2019.08.22"]
[Round "5.1"]
[White "Suarez Gomez, Julio"]
[Black "Jones, Gawain C B"]
[Result "1/2-1/2"]
[WhiteElo "2433"]
[BlackElo "2692"]
[Annotator "TA"]
[PlyCount "59"]
[EventDate "2019.08.19"]
[EventType "team-tourn"]
[EventCountry "ESP"]
[SourceTitle "playchess.com"]
[Source "ChessBase"]
[SourceQuality "1"]

{[%evp 9,59,15,28,0,-7,-15,0,0,2,0,0,0,0,0,0,0,0,0,0,0,0,0,0,-15,10,4,7,7,73,67,72,67,75,74,81,85,70,83,60,52,68,67,73,52,45,41,30,15,88,87,96,22]} 1. d4 Nf6 2. Nf3 g6 3. g3 c5 4. dxc5 (4. c4 Bg7 5. Bg2 cxd4 6. Nxd4 O-O 7. O-O d5 8. cxd5 Nxd5 9. Nb5 Be6 10. Nd4 Bc8 11. Nb5 Be6 12. Nd4 {½-½ (12) Sargissian,G (2689)-Grischuk,A (2771) St Petersburg 2018}) 4... Na6 5. Bg2 Nxc5 6. b3 {A49: 1 d4 Nf6 2 Nf3 g6 3 g3: Anti-King's Indian systems} Bg7 7. Bb2 d5 8. O-O {The position is equal.} O-O 9. Na3 $146 ({Predecessor:} 9. Nbd2 b6 10. c4 Bb7 11. Rc1 Rc8 12. Rc2 dxc4 13. Nxc4 Qxd1 14. Rxd1 Rfd8 15. Rxd8+ Rxd8 {0-1 (45) Heydarli,K (2267)-Maghsoodloo,P (2590) Khomeyn 2017}) 9... b6 10. c4 Bb7 11. Qc2 dxc4 12. Nxc4 Be4 13. Qc3 Rc8 14. Rfd1 Qc7 15. Bh3 $36 {[%mdl 2048] White has the initiative.} Rcd8 16. Ncd2 Nh5 17. Qc1 $1 Bxf3 18. Bxg7 Bxe2 (18... Nxg7 $11 19. Nxf3 Rxd1+ 20. Qxd1 Rd8) 19. Bxf8 $16 {[#] Strongly threatening Re1.} Bxd1 20. Bh6 Be2 21. b4 Na6 {[%cal Bc5a6,Ba6c7,Bc7d5][%mdl 32] [#]} 22. Qxc7 $1 Nxc7 23. Re1 Bb5 24. Rxe7 Nd5 25. Rxa7 Nxb4 26. Bf1 Bxf1 27. Kxf1 Nf6 28. Bg5 Rd6 (28... Rd7 $11 {keeps the balance.} 29. Ra4 Nfd5) 29. Nc4 Re6 30. Rb7 {Accuracy: White = 69%, Black = 72%.} (30. Bh6 $16 Ne8 31. Ra8) 1/2-1/2

[Event "ESP-chT 2nd Division 2019"]
[Site "Linares"]
[Date "2019.08.22"]
[Round "5.2"]
[White "Del Rio De Angelis, Salvador G."]
[Black "Reinaldo Castineira, Roi"]
[Result "1/2-1/2"]
[WhiteElo "2472"]
[BlackElo "2467"]
[Annotator "ChessBase"]
[PlyCount "68"]
[EventDate "2019.08.19"]
[EventType "team-tourn"]
[EventCountry "ESP"]
[SourceTitle "playchess.com"]
[Source "ChessBase"]
[SourceQuality "1"]
[TimeControl "5400+30"]

1. d4 {[%emt 0:00:00]} e6 {[%emt 0:00:14]} 2. c4 {[%emt 0:00:45]} d5 {[%emt 0:00:24]} 3. Nc3 {[%emt 0:00:11]} a6 {[%emt 0:00:06]} 4. cxd5 {[%emt 0:00:54]} exd5 {[%emt 0:00:06]} 5. Bf4 {[%emt 0:00:06]} Nf6 {[%emt 0:05:40]} 6. e3 {[%emt 0:01:26]} Bd6 {[%emt 0:00:09]} 7. Bg5 {[%emt 0:01:32]} Be6 {[%emt 0:07:10]} 8. Bd3 {[%emt 0:01:28]} Nbd7 {[%emt 0:00:27]} 9. Nf3 {[%emt 0:10:32]} h6 {[%emt 0:04:21]} 10. Bh4 {[%emt 0:00:53]} c5 {[%emt 0:08:45]} 11. dxc5 {[%emt 0:00:54]} Nxc5 {[%emt 0:00:15]} 12. Be2 {[%emt 0:01:16]} Rc8 {[%emt 0:26:03]} 13. O-O {[%emt 0:01:52]} g5 {[%emt 0:00:26]} 14. Bg3 {[%emt 0:00:14]} Bxg3 {[%emt 0:00:08]} 15. hxg3 {[%emt 0:00:09]} Nce4 {[%emt 0:00:14]} 16. Nxe4 {[%emt 0:03:42]} dxe4 {[%emt 0:02:02]} 17. Qxd8+ {[%emt 0:00:12]} Kxd8 {[%emt 0:00:16]} 18. Nd4 {[%emt 0:00:42]} Ke7 {[%emt 0:00:06]} 19. a3 {[%emt 0:06:03]} Rc5 {[%emt 0:00:15]} 20. Rfc1 {[%emt 0:06:48]} Rhc8 {[%emt 0:00:07]} 21. Rxc5 {[%emt 0:00:07]} Rxc5 {[%emt 0:00:03]} 22. Kf1 {[%emt 0:00:48]} h5 {[%emt 0:08:56]} 23. Ke1 {[%emt 0:03:00]} h4 {[%emt 0:00:30]} 24. gxh4 {[%emt 0:00:41]} gxh4 {[%emt 0:00:06]} 25. Kd2 {[%emt 0:00:11]} Rg5 {[%emt 0:01:11]} 26. Rh1 {[%emt 0:00:50]} Rxg2 {[%emt 0:00:29]} 27. Ke1 {[%emt 0:00:07]} Ng4 {[%emt 0:13:33]} 28. Rxh4 {[%emt 0:14:54]} Rg1+ {[%emt 0:00:43]} 29. Bf1 {[%emt 0:00:11]} Ne5 {[%emt 0:09:38]} 30. Rxe4 {[%emt 0:00:25]} Nd3+ {[%emt 0:00:17]} 31. Ke2 {[%emt 0:00:04]} Nc1+ {[%emt 0:00:28]} 32. Ke1 {[%emt 0:00:06]} Nd3+ {[%emt 0:00:03]} 33. Ke2 {[%emt 0:00:03]} Nc1+ {[%emt 0:01:26]} 34. Ke1 {[%emt 0:00:04]} Nd3+ {[%emt 0:00:04]} 1/2-1/2

[Event "ESP-chT 2nd Division 2019"]
[Site "Linares"]
[Date "2019.08.22"]
[Round "5.3"]
[White "Laiz Ibanez, Hector"]
[Black "Iruzubieta Villaluenga, Jesus M"]
[Result "1/2-1/2"]
[WhiteElo "2274"]
[BlackElo "2438"]
[Annotator "NA"]
[PlyCount "91"]
[EventDate "2019.08.19"]
[EventType "team-tourn"]
[EventCountry "ESP"]
[SourceTitle "playchess.com"]
[Source "ChessBase"]
[SourceQuality "1"]
[TimeControl "5400+30"]

1. e4 {[%emt 0:01:11]} e5 {[%emt 0:00:00]} 2. Nf3 {[%emt 0:00:06]} Nc6 {[%emt 0:00:00]} 3. Bb5 {[%emt 0:00:03]} a6 {[%emt 0:00:59]} 4. Ba4 {[%emt 0:00:05]} Nf6 {[%emt 0:00:18]} 5. O-O {[%emt 0:00:08]} b5 {[%emt 0:00:19]} 6. Bb3 {[%emt 0:00:07]} Bb7 {[%emt 0:00:06]} 7. d3 {[%emt 0:00:11]} Bd6 {[%emt 0:00:35]} 8. c3 {[%emt 0:06:56]} O-O {[%emt 0:00:17]} 9. a4 {[%emt 0:00:05]} h6 {[%emt 0:07:02]} 10. Nh4 {[%emt 0:00:28]} Nxe4 {[%emt 0:39:37]} 11. Ng6 {[%emt 0:34:15]} Nc5 {[%emt 0:00:40]} 12. Nxf8 {[%emt 0:02:14]} Nxb3 {[%emt 0:04:27]} 13. Qxb3 {[%emt 0:00:05]} Na5 {[%emt 0:10:12]} 14. Qd1 {[%emt 0:02:07]} Bxf8 {[%emt 0:00:23]} 15. b4 {[%emt 0:04:43]} Nc6 {[%emt 0:00:08]} 16. axb5 {[%emt 0:02:01]} axb5 {[%emt 0:01:05]} 17. Rxa8 {[%emt 0:00:13]} Qxa8 {[%emt 0:01:44]} 18. Na3 {[%emt 0:01:42]} Ne7 {[%emt 0:00:59]} 19. f3 {[%emt 0:01:41]} Bc6 {[%emt 0:00:33]} 20. Qe1 {[%emt 0:07:59]} f6 {[%emt 0:00:28]} 21. Nc2 {[%emt 0:02:09]} Ng6 {[%emt 0:06:28]} 22. Be3 {[%emt 0:01:15]} Qa2 {[%emt 0:00:51]} 23. Qe2 {[%emt 0:12:30]} Qf7 {[%emt 0:02:27]} 24. Rd1 {[%emt 0:00:58]} Bd5 {[%emt 0:00:25]} 25. Na3 {[%emt 0:02:21]} c6 {[%emt 0:00:18]} 26. c4 {[%emt 0:00:24]} Be6 {[%emt 0:00:52]} 27. cxb5 {[%emt 0:00:50]} cxb5 {[%emt 0:01:07]} 28. Rb1 {[%emt 0:00:44]} Ba2 {[%emt 0:02:01]} 29. Rb2 {[%emt 0:00:49]} Bb3 {[%emt 0:00:02]} 30. Qd2 {[%emt 0:01:44]} Ba4 {[%emt 0:00:45]} 31. d4 {[%emt 0:01:15]} Bd6 {[%emt 0:00:48]} 32. dxe5 {[%emt 0:04:31]} Bxe5 {[%emt 0:00:22]} 33. Rb1 {[%emt 0:00:03]} Qe6 {[%emt 0:03:24]} 34. f4 {[%emt 0:02:07]} Bc7 {[%emt 0:04:52]} 35. Rc1 {[%emt 0:00:20]} Bb6 {[%emt 0:00:45]} 36. Bxb6 {[%emt 0:00:56]} Qxb6+ {[%emt 0:00:02]} 37. Kh1 {[%emt 0:00:15]} Qe6 {[%emt 0:00:06]} 38. h3 {[%emt 0:05:05]} Qe4 {[%emt 0:02:06]} 39. Re1 {[%emt 0:03:07]} Qf5 {[%emt 0:02:39]} 40. Re8+ {[%emt 0:01:26]} Kh7 {[%emt 0:02:50]} 41. Rd8 {[%emt 0:00:42]} Nxf4 {[%emt 0:00:35]} 42. Rxd7 {[%emt 0:00:13]} Nxh3 {[%emt 0:03:59]} 43. gxh3 {[%emt 0:00:18]} Qxh3+ {[%emt 0:00:01]} 44. Kg1 {[%emt 0:00:08]} Qxa3 {[%emt 0:01:24]} 45. Rxg7+ {[%emt 0:00:43]} Kxg7 {[%emt 0:00:04]} 46. Qd7+ {[%emt 0:00:04]} 1/2-1/2

[Event "ESP-chT 2nd Division 2019"]
[Site "Linares"]
[Date "2019.08.22"]
[Round "5.4"]
[White "Trigo Urquijo, Sergio"]
[Black "Abal Cores, Lucas"]
[Result "0-1"]
[WhiteElo "2385"]
[BlackElo "2290"]
[Annotator "NA"]
[PlyCount "80"]
[EventDate "2019.08.19"]
[EventType "team-tourn"]
[EventCountry "ESP"]
[SourceTitle "playchess.com"]
[Source "ChessBase"]
[SourceQuality "1"]
[TimeControl "5400+30"]

1. d4 {[%emt 0:00:00]} f5 {[%emt 0:00:00]} 2. Nc3 {[%emt 0:00:06]} Nf6 {[%emt 0:00:16]} 3. Bg5 {[%emt 0:00:26]} d5 {[%emt 0:00:05]} 4. Bxf6 {[%emt 0:00:36]} exf6 {[%emt 0:00:06]} 5. e3 {[%emt 0:00:25]} Be6 {[%emt 0:00:09]} 6. Qf3 {[%emt 0:01:15]} Qd7 {[%emt 0:05:45]} 7. Bd3 {[%emt 0:02:37]} Nc6 {[%emt 0:03:57]} 8. a3 {[%emt 0:01:55]} O-O-O {[%emt 0:04:58]} 9. Nge2 {[%emt 0:01:02]} g6 {[%emt 0:00:41]} 10. Nf4 {[%emt 0:01:27]} Bf7 {[%emt 0:00:18]} 11. h3 {[%emt 0:02:26]} h5 {[%emt 0:02:20]} 12. h4 {[%emt 0:09:26]} Ne7 {[%emt 0:07:09]} 13. Bb5 {[%emt 0:14:23]} Qd6 {[%emt 0:10:53]} 14. Nd3 {[%emt 0:03:05]} Bg7 {[%emt 0:04:18]} 15. Ba4 {[%emt 0:05:03]} a6 {[%emt 0:04:08]} 16. b4 {[%emt 0:04:14]} g5 {[%emt 0:03:15]} 17. g3 {[%emt 0:04:49]} Bg6 {[%emt 0:14:42]} 18. Kd2 {[%emt 0:12:29]} Kb8 {[%emt 0:06:20]} 19. Bb3 {[%emt 0:01:51]} Rhe8 {[%emt 0:06:18]} 20. Qg2 {[%emt 0:03:24]} f4 {[%emt 0:04:24]} 21. gxf4 {[%emt 0:01:28]} Bxd3 {[%emt 0:02:44]} 22. cxd3 {[%emt 0:01:01]} g4 {[%emt 0:00:12]} 23. Ne2 {[%emt 0:08:33]} f5 {[%emt 0:01:01]} 24. Ba4 {[%emt 0:02:59]} b5 {[%emt 0:02:07]} 25. Bb3 {[%emt 0:00:42]} Bf6 {[%emt 0:00:13]} 26. Ng3 {[%emt 0:02:09]} Bxd4 {[%emt 0:00:06]} 27. exd4 {[%emt 0:02:39]} Qxf4+ {[%emt 0:00:01]} 28. Kc2 {[%emt 0:02:03]} Nc6 {[%emt 0:00:11]} 29. Rad1 {[%emt 0:01:42]} Nxd4+ {[%emt 0:02:45]} 30. Kb2 {[%emt 0:00:25]} Ne2 {[%emt 0:03:39]} 31. Rhe1 {[%emt 0:04:09]} Qd4+ {[%emt 0:00:22]} 32. Kb1 {[%emt 0:00:28]} Nc3+ {[%emt 0:00:33]} 33. Kc2 {[%emt 0:00:06]} Nxd1 {[%emt 0:00:10]} 34. Rxd1 {[%emt 0:00:23]} f4 {[%emt 0:01:22]} 35. Nf1 {[%emt 0:02:46]} Re2+ {[%emt 0:00:24]} 36. Rd2 {[%emt 0:00:24]} f3 {[%emt 0:00:27]} 37. Qh1 {[%emt 0:02:10]} Rd6 {[%emt 0:02:36]} 38. Rxe2 {[%emt 0:00:29]} Rc6+ {[%emt 0:00:39]} 39. Kb1 {[%emt 0:01:29]} fxe2 {[%emt 0:00:18]} 40. Ne3 {[%emt 0:00:34]} Qxd3+ {[%emt 0:00:10]} 0-1

[Event "ESP-chT 2nd Division 2019"]
[Site "Linares"]
[Date "2019.08.22"]
[Round "5.5"]
[White "Dorado Meijide, Andrea"]
[Black "Sosa Suarez, Carla Cristina"]
[Result "0-1"]
[WhiteElo "1762"]
[BlackElo "2135"]
[Annotator "NA"]
[PlyCount "66"]
[EventDate "2019.08.19"]
[EventType "team-tourn"]
[EventCountry "ESP"]
[SourceTitle "playchess.com"]
[Source "ChessBase"]
[SourceQuality "1"]
[TimeControl "5400+30"]

1. e4 {[%emt 0:00:12]} e6 {[%emt 0:00:00]} 2. d4 {[%emt 0:00:07]} d5 {[%emt 0:00:00]} 3. Nd2 {[%emt 0:00:17]} Be7 {[%emt 0:00:00]} 4. Ngf3 {[%emt 0:00:34]} Nf6 {[%emt 0:00:00]} 5. e5 {[%emt 0:00:14]} Nfd7 {[%emt 0:00:00]} 6. Bd3 {[%emt 0:00:20]} c5 {[%emt 0:00:04]} 7. c3 {[%emt 0:00:19]} Nc6 {[%emt 0:00:04]} 8. O-O {[%emt 0:00:55]} g5 {[%emt 0:00:03]} 9. dxc5 {[%emt 0:02:42]} g4 {[%emt 0:00:26]} 10. Nd4 {[%emt 0:00:06]} Ndxe5 {[%emt 0:00:23]} 11. Bb5 {[%emt 0:01:26]} Bd7 {[%emt 0:00:04]} 12. Qe2 {[%emt 0:02:05]} Qc7 {[%emt 0:07:16]} 13. b4 {[%emt 0:08:24]} Ng6 {[%emt 0:05:50]} 14. N2b3 {[%emt 0:07:57]} e5 {[%emt 0:02:39]} 15. Nc2 {[%emt 0:00:55]} f5 {[%emt 0:03:38]} 16. Rd1 {[%emt 0:16:19]} a6 {[%emt 0:04:06]} 17. Ba4 {[%emt 0:01:46]} O-O {[%emt 0:02:51]} 18. Bh6 {[%emt 0:01:36]} f4 {[%emt 0:08:28]} 19. Rxd5 {[%emt 0:03:43]} Be6 {[%emt 0:04:30]} 20. Bxc6 {[%emt 0:01:44]} Qxc6 {[%emt 0:02:03]} 21. Rxe5 {[%emt 0:08:31]} Nxe5 {[%emt 0:05:45]} 22. Qxe5 {[%emt 0:02:56]} Bf6 {[%emt 0:02:41]} 23. Qxf4 {[%emt 0:00:07]} Rf7 {[%emt 0:01:13]} 24. Rd1 {[%emt 0:05:58]} Bh4 {[%emt 0:06:44]} 25. Qe5 {[%emt 0:01:04]} Bxb3 {[%emt 0:02:53]} 26. Qh5 {[%emt 0:11:44]} Bxc2 {[%emt 0:04:53]} 27. Rd6 {[%emt 0:00:06]} Qe4 {[%emt 0:02:47]} 28. Be3 {[%emt 0:03:09]} Ba4 {[%emt 0:01:40]} 29. h3 {[%emt 0:00:44]} gxh3 {[%emt 0:01:30]} 30. gxh3 {[%emt 0:01:10]} Rg7+ {[%emt 0:00:33]} 31. Kf1 {[%emt 0:00:02]} Qb1+ {[%emt 0:02:51]} 32. Ke2 {[%emt 0:00:29]} Qc2+ {[%emt 0:01:04]} 33. Bd2 {[%emt 0:00:54]} Qd1+ {[%emt 0:00:26]} 0-1

[Event "ESP-chT 2nd Division 2019"]
[Site "Linares"]
[Date "2019.08.22"]
[Round "5.6"]
[White "Gamundi Salamanca, Antonio"]
[Black "Rios, Cristhian Camilo"]
[Result "0-1"]
[WhiteElo "2444"]
[BlackElo "2530"]
[Annotator "ChessBase"]
[PlyCount "80"]
[EventDate "2019.08.19"]
[EventType "team-tourn"]
[EventCountry "ESP"]
[SourceTitle "playchess.com"]
[Source "ChessBase"]
[SourceQuality "1"]
[TimeControl "5400+30"]

1. d4 {[%emt 0:00:00]} Nf6 {[%emt 0:01:35]} 2. Bg5 {[%emt 0:00:00]} e6 {[%emt 0:03:38]} 3. Nd2 {[%emt 0:00:42]} h6 {[%emt 0:01:57]} 4. Bh4 {[%emt 0:00:15]} d6 {[%emt 0:00:04]} 5. e3 {[%emt 0:02:37]} Nbd7 {[%emt 0:00:07]} 6. Ngf3 {[%emt 0:05:16]} g5 {[%emt 0:01:56]} 7. Bg3 {[%emt 0:00:07]} Nh5 {[%emt 0:00:07]} 8. Bd3 {[%emt 0:00:46]} Bg7 {[%emt 0:00:15]} 9. c3 {[%emt 0:03:22]} Qe7 {[%emt 0:00:52]} 10. Qc2 {[%emt 0:04:37]} b6 {[%emt 0:04:28]} 11. Be4 {[%emt 0:00:53]} d5 {[%emt 0:00:22]} 12. Bd3 {[%emt 0:00:12]} Nxg3 {[%emt 0:00:06]} 13. hxg3 {[%emt 0:00:06]} Bb7 {[%emt 0:00:08]} 14. O-O-O {[%emt 0:02:22]} c5 {[%emt 0:03:17]} 15. Kb1 {[%emt 0:04:46]} c4 {[%emt 0:05:30]} 16. Be2 {[%emt 0:00:55]} b5 {[%emt 0:00:59]} 17. e4 {[%emt 0:00:42]} dxe4 {[%emt 0:06:09]} 18. Nxe4 {[%emt 0:01:10]} f5 {[%emt 0:00:06]} 19. Ned2 {[%emt 0:00:57]} O-O {[%emt 0:01:43]} 20. Rde1 {[%emt 0:13:57]} Rac8 {[%emt 0:03:50]} 21. Ka1 {[%emt 0:01:32]} Bd5 {[%emt 0:00:45]} 22. Bf1 {[%emt 0:14:00]} b4 {[%emt 0:04:57]} 23. Nb1 {[%emt 0:13:33]} b3 {[%emt 0:07:28]} 24. Qc1 {[%emt 0:01:40]} bxa2 {[%emt 0:00:10]} 25. Na3 {[%emt 0:00:32]} Rc6 {[%emt 0:02:23]} 26. Nd2 {[%emt 0:02:28]} Nb6 {[%emt 0:02:37]} 27. Nc2 {[%emt 0:07:11]} a5 {[%emt 0:00:37]} 28. Ne3 {[%emt 0:00:50]} Qb7 {[%emt 0:02:47]} 29. Nxd5 {[%emt 0:04:12]} exd5 {[%emt 0:00:09]} 30. Be2 {[%emt 0:00:33]} a4 {[%emt 0:01:07]} 31. Bh5 {[%emt 0:03:42]} Qa7 {[%emt 0:03:14]} 32. Re3 {[%emt 0:02:47]} a3 {[%emt 0:01:09]} 33. Rhe1 {[%emt 0:01:00]} axb2+ {[%emt 0:00:07]} 34. Qxb2 {[%emt 0:00:01]} Na4 {[%emt 0:00:11]} 35. Qa3 {[%emt 0:04:52]} Bxd4 {[%emt 0:11:52]} 36. Qxf8+ {[%emt 0:00:26]} Kxf8 {[%emt 0:00:06]} 37. Re8+ {[%emt 0:00:05]} Kg7 {[%emt 0:00:05]} 38. R8e7+ {[%emt 0:01:49]} Kf6 {[%emt 0:00:12]} 39. Rxa7 {[%emt 0:00:05]} Bxa7 {[%emt 0:00:04]} 40. Be8 {[%emt 0:00:35]} Ra6 0-1